बर्फी आणि वड्या. (Record no. 782100)

MARC details
000 -LEADER
fixed length control field 00703nam a2200181Ia 4500
008 - FIXED-LENGTH DATA ELEMENTS--GENERAL INFORMATION
fixed length control field 100921s9999 xx 000 0 und d
082 ## - DEWEY DECIMAL CLASSIFICATION NUMBER
Item number 32987
Classification number 641.6 न 00
100 ## - MAIN ENTRY--PERSONAL NAME
Personal name गानू स्वाती.
245 ## - TITLE STATEMENT
Title बर्फी आणि वड्या.
260 ## - PUBLICATION, DISTRIBUTION, ETC. (IMPRINT)
Name of publisher, distributor, etc संयम प्रकाशन, पुणे.
Date of publication, distribution, etc 2000
300 ## - PHYSICAL DESCRIPTION
Extent 64
Other physical details शांती पब्लिकेशन,पुणे
365 ## - TRADE PRICE
Price amount 10
520 ## - SUMMARY, ETC.
Summary, etc तं.वि.-गृह-पा.शास्त्र.
630 ## - SUBJECT ADDED ENTRY--UNIFORM TITLE
Uniform title बर्फी आणि वड्या.
650 ## - SUBJECT ADDED ENTRY--TOPICAL TERM
Topical term or geographic name as entry element तं.वि.-गृह-पा.शास्त्र.
730 ## - ADDED ENTRY--UNIFORM TITLE
Uniform title बर्फी आणि वड्या.
942 ## - ADDED ENTRY ELEMENTS (KOHA)
Koha item type Book
Holdings
Withdrawn status Lost status Damaged status Not for loan Home library Current library Shelving location Date acquired Cost, normal purchase price Total Checkouts Barcode Date last seen Price effective from Koha item type Public note
      Added to bundle Lo. Tilak Granthasangrahalaya, Wai Lo. Tilak Granthasangrahalaya, Wai     10.00   WAITILAKGS-32987 09/21/2010 09/21/2010 Book संदर्भ